Daňové včeličky pre usilovné účtovníčky

Daňové problémy účtovníčok. Zdaňovanie účtovníčok. Ilustračné príklady.

Saved in:
Bibliographic Details
Main Author: Burák, Emil
Format: Book Chapter
Language:Slovak
Subjects:
Tags: Add Tag
No Tags, Be the first to tag this record!

MARC

LEADER 00000naa a2200000 4500
001 0250469
005 20190129095515.4
041 0 |a slo 
044 |a SK 
245 1 0 |a Daňové včeličky pre usilovné účtovníčky  |c Emil Burák 
520 |a Daňové problémy účtovníčok. Zdaňovanie účtovníčok. Ilustračné príklady. 
610 2 0 |a zdaňovanie 
610 2 0 |a účtovníci 
610 2 0 |a legislatíva 
610 2 0 |a komunikácia 
610 2 0 |a správa daňová 
100 1 |a Burák, Emil